Il tempo degli errori /

में बचाया:
ग्रंथसूची विवरण
मुख्य लेखक: Choukri, Mohamed (लेखक)
अन्य लेखक: Avino, Maria
स्वरूप: पुस्तक
भाषा:इतालवी
प्रकाशित: Roma [ecc.] : Theoria, 1993
श्रृंखला:Confini ; 37
टैग: टैग जोड़ें
कोई टैग नहीं, इस रिकॉर्ड को टैग करने वाले पहले व्यक्ति बनें!

MARC

LEADER 00000nam a22000007i 4500
001 IT\ICCU\RAV\0220299
003 ItRI
005 20250917162333.0
008 930702s1993 it |||||| ||||| |||||c
020 |a 8824103332 
040 |b ita  |c Arcigay Viterbo 
041 7 |a ita  |2 ISO-639-2 
082 |a 892.736  |2 19 
100 1 |a Choukri, Mohamed  |0 IT\ICCU\CFIV\095806  |4 aut 
240 1 0 |a Zaman al-Akhtāʼ.  |9 Choukri, Mohamed 
245 1 3 |a Il tempo degli errori /  |c Mohamed Choukri ; traduzione dall'arabo e cura di Maria Avino. 
260 |a Roma [ecc.] :  |b Theoria,  |c 1993 
300 |a 203 p. ;  |c 22 cm. 
700 1 |a Avino, Maria  |0 IT\ICCU\RAVV\083993 
830 0 |a Confini ;  |v 37  |0 IT\ICCU\CFI\0165746 
942 |2 ddc  |c BK  |n 0 
952 |0 0  |1 0  |2 ddc  |4 0  |6 892_736000000000000_CHO_TEM  |7 0  |9 9609  |a VT  |b VT  |d 2025-09-17  |e Donazione Alfonso Antoniozzi  |i B264  |l 0  |o 892.736 CHO TEM  |p B264  |r 2025-09-17 16:25:23  |w 2025-09-17  |y BK  |z Donazione Alfonso Antoniozzi 
981 1 |6 z01  |a i   |b xxxe  
982 1 |6 z01  |a n 
999 |c 8015  |d 8015